| 000 | 00563nam a2200217Ia 4500 | ||
|---|---|---|---|
| 001 | 12908 | ||
| 003 | GE_BSU | ||
| 008 | 181216s||||||||xx |||||||||||||| ||und|| | ||
| 040 | _cGE_BSU | ||
| 080 | _a631.8 | ||
| 100 | _aСоколов,А.В. | ||
| 245 | _aАгрохимия фосфора | ||
| 245 | _cОтв.ред.И.В.Тюрин | ||
| 260 | _aМосква | ||
| 260 | _bИзд-во АНСССР | ||
| 260 | _c1950 | ||
| 300 | _a152стр.20см. | ||
| 300 | _cБиблиогр.с.145-150 | ||
| 653 | _aАгрохимия фосфора | ||
| 942 | _cBK | ||
| 999 |
_c46078 _d46078 |
||